| 000 | 01070cam a2200277 i 4500 | ||
|---|---|---|---|
| 001 | 4647877 | ||
| 003 | ARRUPE | ||
| 005 | 20160427120352.0 | ||
| 008 | 790315s1979 tnu d 000 0 eng | ||
| 010 | _a 79100942 | ||
| 020 |
_a0805411348 : _c$12.95 |
||
| 040 |
_aDLC _cDLC _dDLC |
||
| 041 | 0 | _aenggrcheb | |
| 050 | 0 | 0 |
_aBS425 _b.S8 1979 |
| 082 | 0 | 0 | _a220.2 |
| 100 | 1 |
_aStrong, James, _d1822-1894. _924129 |
|
| 240 | 1 | 0 | _aExhaustive concordance of the Bible |
| 245 | 1 | 0 |
_aStrong's Exhaustive concordance : _bshowing every word of the text of the common English version of the canonical books, and every occurrence of each word in regular order, together with dictionaries of the Hebrew and Greek words of the original, with references to the English words / _cby James Strong. |
| 250 | _aCompact ed. | ||
| 260 |
_aMichigan : _bBaker Book House, _c1977. |
||
| 300 |
_a1340, 128, 79 p. ; _c24 cm. |
||
| 630 | 0 | 0 |
_aBible _xConcordances _924130 |
| 740 | _aExhaustive concordance. | ||
| 906 |
_a7 _bcbc _corignew _d2 _encip _f19 _gy-gencatlg |
||
| 942 |
_2lcc _cMONOGRAPH |
||
| 999 |
_c124716 _d124716 |
||